[Event "I Festival Costa Viola B"]
[Site "Bagnara Calabra ITA"]
[Date "2008.01.04"]
[Round "4"]
[White "Tricomi, Massimo"]
[Black "Musico', Guglielmo"]
[Result "1-0"]
[WhiteElo "1888"]
[BlackElo "1548"]
[PlyCount "69"]
[EventDate "2008.01.02"]

1. d4 g6 2. Nf3 Bg7 3. c4 d6 4. Nc3 Nf6 5. e4 Bg4 6. Be2 O-O 7. O-O Nbd7 8. h3
Bxf3 9. Bxf3 c6 10. Be3 e5 11. d5 cxd5 12. cxd5 a6 13. Qb3 b5 14. a4 bxa4 15.
Rxa4 Qe7 16. Qa3 Ne8 17. Rxa6 Rxa6 18. Qxa6 f5 19. b4 f4 20. Ba7 h5 21. Nb5 Kh7
22. Rc1 Kh6 23. Nc7 g5 24. Qe2 Ndf6 25. Bb6 Qd7 26. Ne6 Rf7 27. Bd8 Bf8 28.
Bxh5 Nxh5 29. Bxg5+ Kg6 30. Qg4 Qb7 31. Bf6+ Kh7 32. Qxh5+ Bh6 33. Bg5 Rf6 34.
Bxf6 Nxf6 35. Qf5+ 1-0

[Event "I Festival Costa Viola B"]
[Site "Bagnara Calabra ITA"]
[Date "2008.01.05"]
[Round "5"]
[White "Alvaro, Francesco"]
[Black "Altomonte, Giuseppe"]
[Result "0-1"]
[WhiteElo "1488"]
[BlackElo "1734"]
[PlyCount "96"]
[EventDate "2008.01.02"]

1. e4 c5 2. c3 d5 3. exd5 Qxd5 4. d4 cxd4 5. cxd4 Nc6 6. Nf3 Nf6 7. Be2 e6 8.
O-O Be7 9. Nc3 Qd8 10. Be3 O-O 11. Bd3 Nb4 12. Rc1 Nxd3 13. Qxd3 Nd5 14. a3 b6
15. Ne5 Bb7 16. Qb5 Rc8 17. Qd7 Qxd7 18. Nxd7 Rfd8 19. Ne5 a6 20. Nxd5 Bxd5 21.
f3 f6 22. Ng4 Kf7 23. Nf2 Ke8 24. Ne4 Kd7 25. Rc3 Rxc3 26. Nxc3 Bb3 27. Rc1 Rc8
28. d5 exd5 29. Bxb6 Bc5+ 30. Bxc5 Rxc5 31. Re1 d4 32. Nb1 Rc2 33. Rd1 Rxg2+
34. Kxg2 Bxd1 35. Nd2 Kc6 36. f4 Bh5 37. Kf2 Kd5 38. b4 g5 39. fxg5 fxg5 40. a4
Be8 41. Nf3 Bxa4 42. Nxg5 Bc2 43. Ke2 Kc4 44. Kd2 Bg6 45. Ne6 d3 46. Nf4 Kxb4
47. Nxd3+ Bxd3 48. Kxd3 Kb3 0-1

[Event "I Festival Costa Viola B"]
[Site "Bagnara Calabra ITA"]
[Date "2008.01.05"]
[Round "5"]
[White "Arcidiaco, Francesco"]
[Black "Musico', Guglielmo"]
[Result "1/2-1/2"]
[WhiteElo "1575"]
[BlackElo "1548"]
[PlyCount "42"]
[EventDate "2008.01.02"]

1. e4 g6 2. d4 Bg7 3. Nf3 d6 4. Bc4 Nf6 5. Nc3 O-O 6. O-O e5 7. dxe5 dxe5 8.
Qxd8 Rxd8 9. Bg5 Bg4 10. Nxe5 Be6 11. Bxe6 fxe6 12. Bxf6 Bxf6 13. f4 Rd2 14.
Rac1 Bxe5 15. fxe5 Nc6 16. Rf6 Rf8 17. Rxf8+ Kxf8 18. Nb5 Re2 19. Kf1 Rxe4 20.
Re1 Rxe1+ 21. Kxe1 Nxe5 1/2-1/2

[Event "I Festival Costa Viola B"]
[Site "Bagnara Calabra ITA"]
[Date "2008.01.05"]
[Round "5"]
[White "Cannataro, Luciano"]
[Black "Russo, Biagio"]
[Result "1-0"]
[WhiteElo "1891"]
[BlackElo "1407"]
[PlyCount "67"]
[EventDate "2008.01.02"]

1. d4 e6 2. c4 c5 3. e3 Nf6 4. Nf3 Nc6 5. Bd3 cxd4 6. exd4 Nb4 7. O-O Nxd3 8.
Qxd3 d5 9. c5 b6 10. b4 Bd7 11. Ne5 bxc5 12. dxc5 Qc7 13. Bb2 Be7 14. Nd2 a6
15. Nxd7 Qxd7 16. Nf3 h6 17. Ne5 Qc7 18. Rac1 O-O 19. Bd4 Nd7 20. Qg3 f6 21.
Nxd7 Qxd7 22. f4 Bd8 23. Rc3 Bc7 24. Qg4 Rad8 25. Rh3 e5 26. f5 Kh8 27. Be3 Rf7
28. Rff3 Re8 29. Rh5 Ree7 30. Qg6 d4 31. Rg3 Rf8 32. Bxh6 gxh6 33. Qxh6+ Rh7
34. Qxf8# 1-0

[Event "I Festival Costa Viola B"]
[Site "Bagnara Calabra ITA"]
[Date "2008.01.05"]
[Round "5"]
[White "Carbone, Stefano"]
[Black "Tricomi, Massimo"]
[Result "0-1"]
[WhiteElo "1569"]
[BlackElo "1888"]
[PlyCount "134"]
[EventDate "2008.01.02"]

1. e4 d5 2. exd5 Nf6 3. c4 e6 4. dxe6 Bxe6 5. Nc3 Qe7 6. Qe2 Nc6 7. Nf3 O-O-O
8. a3 Bf5 9. Qxe7 Bxe7 10. b4 Rhe8 11. Be2 Nd4 12. Nxd4 Rxd4 13. O-O c6 14. f3
h5 15. Nd1 Bxb4 16. Ne3 Bc5 17. Nxf5 Rxd2+ 18. Kh1 Rdxe2 19. Bf4 g6 20. Nd6+
Bxd6 21. Bxd6 Rd2 22. Bb4 Rc2 23. Rac1 Ree2 24. Rxc2 Rxc2 25. c5 Nd5 26. Re1
Kd7 27. g3 Rb2 28. Re4 Rb3 29. Kg2 Ne3+ 30. Kf2 Nc2 31. Rf4 Ke8 32. Rc4 Nxa3
33. Bxa3 Rxa3 34. Rb4 a5 35. Rxb7 Rc3 36. Ra7 Rxc5 37. Ke3 Rc3+ 38. Kd4 Rxf3
39. Rxa5 Rf2 40. h4 Rf3 41. Rg5 Kd7 42. Ke4 Rb3 43. Kd4 Rb4+ 44. Kd3 Rg4 45.
Ra5 Rxg3+ 46. Ke2 Rg4 47. Ra7+ Ke6 48. Ra6 Rxh4 49. Rxc6+ Kd5 50. Rf6 Re4+ 51.
Kd3 Re7 52. Ra6 Ke5 53. Ke3 Kf5+ 54. Kf3 f6 55. Ra4 g5 56. Rb4 g4+ 57. Kg3 Re3+
58. Kf2 Rf3+ 59. Kg2 Kg5 60. Rc4 h4 61. Rd4 h3+ 62. Kh2 Kh4 63. Rc4 Rf2+ 64.
Kh1 Kg3 65. Rc3+ Rf3 66. Rc1 Kf4 67. Re1 g3 0-1

[Event "I Festival Costa Viola B"]
[Site "Bagnara Calabra ITA"]
[Date "2008.01.05"]
[Round "5"]
[White "Ceravolo, Alberto"]
[Black "Garofalo, Massimo"]
[Result "0-1"]
[WhiteElo "1652"]
[BlackElo "1745"]
[PlyCount "104"]
[EventDate "2008.01.02"]

1. d4 Nf6 2. f4 c5 3. c3 e6 4. e3 Nc6 5. Nf3 b6 6. Bd3 Be7 7. O-O O-O 8. Qe2
Bb7 9. Nbd2 cxd4 10. cxd4 Nb4 11. Bb1 Ba6 12. Qe1 Bxf1 13. Qxf1 Rc8 14. Ne4
Nxe4 15. Bxe4 d5 16. Bb1 Nc2 17. Qd3 Qc7 18. Ne1 f5 19. Nxc2 g5 20. Bd2 Rf7 21.
Ne1 Bd6 22. Qf1 gxf4 23. exf4 Rg7 24. Nd3 Kh8 25. Ne5 Rcg8 26. g3 Bxe5 27. fxe5
Rg4 28. Bf4 h5 29. Bd3 Qh7 30. Be2 R4g7 31. Qh3 h4 32. Kh1 hxg3 33. Qxh7+ Rxh7
34. Bf3 Rxh2+ 35. Kg1 Rxb2 36. Bg2 b5 37. a3 a5 38. Bc1 Rc2 39. Bf1 b4 40. Bd3
Rc3 41. Bb5 Rb8 42. Bd7 b3 43. Rb1 Rb6 44. Bd2 Rc2 45. Bxa5 Ra6 46. Bb4 b2 47.
Bb5 Rc1+ 48. Kg2 Rxb1 49. Bxa6 Rd1 50. Be2 b1=Q 51. Bxd1 Qxd1 52. Bc5 f4 0-1

[Event "I Festival Costa Viola B"]
[Site "Bagnara Calabra ITA"]
[Date "2008.01.05"]
[Round "5"]
[White "Familari, Giuseppe"]
[Black "Rizzuti, Pasquale"]
[Result "1-0"]
[WhiteElo "1765"]
[BlackElo "1832"]
[PlyCount "113"]
[EventDate "2008.01.02"]

1. d4 d5 2. Bg5 c6 3. e3 Bf5 4. Nf3 Qb6 5. Qc1 Nd7 6. Nbd2 e6 7. Bd3 Bxd3 8.
cxd3 Ngf6 9. O-O Bd6 10. e4 Be7 11. e5 Ng8 12. Be3 h5 13. Nb3 Nh6 14. Qc2 Nf5
15. Rac1 h4 16. h3 f6 17. Rfe1 O-O-O 18. Bd2 Rde8 19. a4 fxe5 20. a5 Qa6 21.
dxe5 Kb8 22. d4 Rh5 23. Nh2 g5 24. Ng4 Rhh8 25. Be3 Rc8 26. Ra1 Nxe3 27. Rxe3
c5 28. dxc5 Nxc5 29. Rc3 Ne4 30. Rxc8+ Rxc8 31. Qd1 Bb4 32. Nf6 Nxf6 33. exf6
Rf8 34. Qg4 e5 35. Qxb4 Qxf6 36. Qd2 d4 37. Nc5 Qc6 38. Rc1 Qd5 39. f3 a6 40.
Qxg5 Ka7 41. Qxh4 d3 42. Ne4 Qxa5 43. Qe7 d2 44. Rd1 Rc8 45. Rxd2 Rc1+ 46. Kh2
Qb6 47. Qxe5 Qg1+ 48. Kg3 Qe1+ 49. Kg4 Rc8 50. Rd7 Rg8+ 51. Rg7 Rxg7+ 52. Qxg7
Qg1 53. g3 Qd1 54. h4 Qd5 55. h5 Qe6+ 56. Kh4 Qf5 57. Qxb7+ 1-0

[Event "I Festival Costa Viola B"]
[Site "Bagnara Calabra ITA"]
[Date "2008.01.05"]
[Round "5"]
[White "Luvera', Filippo"]
[Black "Paragliola, Gennaro"]
[Result "1-0"]
[WhiteElo "1850"]
[BlackElo "1623"]
[PlyCount "73"]
[EventDate "2008.01.02"]

1. e4 d6 2. d4 g6 3. Nf3 Bg7 4. c3 Nf6 5. Bd3 O-O 6. O-O Nbd7 7. Qe2 e5 8. dxe5
Nxe5 9. Nxe5 dxe5 10. Bg5 h6 11. Be3 b6 12. f3 Nh7 13. Rd1 Qe8 14. Nd2 f5 15.
exf5 gxf5 16. Bc4+ Kh8 17. Bf2 Bb7 18. Re1 Qg6 19. Bg3 f4 20. Bf2 Rad8 21. Ne4
Ng5 22. Nxg5 Qxg5 23. Rad1 Rxd1 24. Rxd1 Rd8 25. Bb3 Rd6 26. Rxd6 cxd6 27. Qd3
Bf8 28. Bc2 Qg7 29. Bh4 Be7 30. Bxe7 Qxe7 31. Kf1 d5 32. Qg6 Qg7 33. Qe8+ Qg8
34. Qxe5+ Qg7 35. Qxf4 Ba6+ 36. Kf2 Qg5 37. Qf8+ 1-0

[Event "I Festival Costa Viola B"]
[Site "Bagnara Calabra ITA"]
[Date "2008.01.05"]
[Round "5"]
[White "Mercuri, Delia"]
[Black "Levato, Biagio"]
[Result "1-0"]
[WhiteElo "1448"]
[BlackElo "1537"]
[PlyCount "87"]
[EventDate "2008.01.02"]

1. e4 c5 2. c3 Nc6 3. d4 cxd4 4. cxd4 e6 5. Nf3 Nge7 6. d5 exd5 7. exd5 Qa5+ 8.
Bd2 Qxd5 9. Nc3 Qe6+ 10. Be2 Nd5 11. Nxd5 Qxd5 12. O-O Be7 13. Re1 O-O 14. Qc2
b6 15. Bd3 g6 16. Be4 Qc5 17. Bc3 Bb7 18. a3 d5 19. b4 Qd6 20. Bd3 Rac8 21. Qb2
d4 22. Nxd4 Bf6 23. Nxc6 Rxc6 24. Bxf6 Qxf6 25. Qxf6 Rxf6 26. Re7 Rb8 27. Rae1
a6 28. Re8+ Rxe8 29. Rxe8+ Kg7 30. Rb8 Rc6 31. Rxb7 Rc1+ 32. Bf1 Ra1 33. Rxb6
Rxa3 34. Rxa6 Rxa6 35. Bxa6 Kf8 36. Bc4 Ke7 37. f4 h6 38. Kf2 f6 39. g4 g5 40.
f5 Kd6 41. Ke3 Kc6 42. Kd4 Kb6 43. b5 Ka5 44. Kd5 1-0

[Event "I Festival Costa Viola B"]
[Site "Bagnara Calabra ITA"]
[Date "2008.01.05"]
[Round "5"]
[White "Rametta, Marcello"]
[Black "Mileo, Miguelito"]
[Result "1-0"]
[WhiteElo "1741"]
[BlackElo "1536"]
[PlyCount "41"]
[EventDate "2008.01.02"]

1. e4 Nf6 2. Nc3 d5 3. exd5 Nxd5 4. Nxd5 Qxd5 5. Nf3 Bf5 6. Be2 Nc6 7. c3 O-O-O
8. O-O e5 9. Qa4 f6 10. Bc4 Qd6 11. Rd1 Bd7 12. Qc2 Na5 13. Be2 b6 14. d4 exd4
15. Nxd4 Kb8 16. Bf3 Qe5 17. b4 Qe8 18. bxa5 Bc5 19. axb6 Ba4 20. bxc7+ Kxc7
21. Bf4+ 1-0

[Event "I Festival Costa Viola B"]
[Site "Bagnara Calabra ITA"]
[Date "2008.01.05"]
[Round "5"]
[White "Zampaglione, Francesco"]
[Black "Gad, Alessandro"]
[Result "0-1"]
[WhiteElo "1374"]
[BlackElo "1533"]
[PlyCount "54"]
[EventDate "2008.01.02"]

1. e4 c5 2. c3 d5 3. f3 e5 4. Qa4+ Nc6 5. Bb5 Qd6 6. Ne2 Bd7 7. O-O Nf6 8. d3
Be7 9. Be3 O-O 10. Nd2 a6 11. Bxc6 Bxc6 12. Qc2 Rad8 13. Rad1 b6 14. a3 d4 15.
cxd4 cxd4 16. Bg5 h6 17. Bxf6 Bxf6 18. f4 exf4 19. Nxf4 Be5 20. g3 Rc8 21. Qb3
Rc7 22. Rc1 Rfc8 23. Nf3 Bxf4 24. gxf4 Qxf4 25. Nxd4 Qe3+ 26. Kh1 Qxd4 27. Rc3
Qa4 0-1

[Event "I Festival Costa Viola B"]
[Site "Bagnara Calabra ITA"]
[Date "2008.01.05"]
[Round "6"]
[White "Barbera, Giuseppe"]
[Black "Mercuri, Delia"]
[Result "1/2-1/2"]
[WhiteElo "1492"]
[BlackElo "1448"]
[PlyCount "108"]
[EventDate "2008.01.02"]

1. e4 e5 2. c3 Nf6 3. d4 exd4 4. e5 Qe7 5. cxd4 Nd5 6. a3 d6 7. Bc4 Nb6 8. Ba2
dxe5 9. Ne2 Qd6 10. Be3 Be6 11. Bxe6 Qxe6 12. O-O Bd6 13. f4 exf4 14. Bxf4 O-O
15. Bxd6 Qxd6 16. Nbc3 Nc6 17. Ne4 Qe7 18. N2g3 Rad8 19. Nf6+ Kh8 20. Qh5 Qe3+
21. Kh1 Qh6 22. Qxh6 gxh6 23. Nf5 Nd5 24. Ng4 h5 25. Ne5 f6 26. Nxc6 bxc6 27.
Rac1 Rfe8 28. Rxc6 Re2 29. b4 Rde8 30. h3 Rg8 31. Nh4 Ne3 32. Rg1 Nd5 33. Rc5
Rd8 34. Rf1 Re4 35. Nf5 Kg8 36. Rf3 h4 37. Nh6+ Kg7 38. Nf5+ Kg6 39. Ra5 Ne7
40. Nxe7+ Rxe7 41. Rf4 c6 42. Rxh4 f5 43. Rf4 Rd5 44. Ra6 Kg5 45. Rf2 Rc7 46.
Rc2 Rxd4 47. Raxc6 Rxc6 48. Rxc6 Kf4 49. Kh2 Ke3 50. b5 f4 51. Re6+ Kf2 52. b6
axb6 53. Rxb6 Rd2 54. Rf6 54... Ke3 {...} 1/2-1/2

[Event "I Festival Costa Viola B"]
[Site "Bagnara Calabra ITA"]
[Date "2008.01.05"]
[Round "6"]
[White "Carbone, Stefano"]
[Black "Arcidiaco, Francesco"]
[Result "1-0"]
[WhiteElo "1569"]
[BlackElo "1575"]
[PlyCount "97"]
[EventDate "2008.01.02"]

1. e4 e6 2. d4 d5 3. Nc3 Bb4 4. e5 Bxc3+ 5. bxc3 Ne7 6. Nf3 a6 7. a4 Nd7 8. Be2
c5 9. Ba3 Qa5 10. Bb2 cxd4 11. Qxd4 Nf5 12. Qb4 Qxb4 13. cxb4 O-O 14. O-O b6
15. Rfe1 Bb7 16. Bd3 Ne7 17. Nd4 Rac8 18. f4 Nc6 19. Nxc6 Rxc6 20. b5 axb5 21.
axb5 Rc7 22. Ba3 Nc5 23. Bxc5 Rxc5 24. Ra7 Rb8 25. Rea1 g6 26. Kf2 h5 27. h3
Kg7 28. g3 f5 29. h4 Kf8 30. Ke3 Ke8 31. Kd4 Kd8 32. R1a3 Rc7 33. Rc3 Rd7 34.
Rca3 Rc7 35. Ra1 Rbc8 36. R1a3 Rb8 37. Rb3 Kc8 38. c4 dxc4 39. Bxc4 Rd7+ 40.
Ke3 Re7 41. Rd3 Ra8 42. Rxa8+ Bxa8 43. Rd6 Kc7 44. Rxe6 Rg7 45. Rf6 g5 46. hxg5
Be4 47. Rf7+ Rxf7 48. Bxf7 Kd7 49. Bxh5 1-0

[Event "I Festival Costa Viola B"]
[Site "Bagnara Calabra ITA"]
[Date "2008.01.05"]
[Round "6"]
[White "Fariselli, Umberto"]
[Black "Rametta, Marcello"]
[Result "0-1"]
[WhiteElo "1512"]
[BlackElo "1741"]
[PlyCount "70"]
[EventDate "2008.01.02"]

1. e4 c5 2. Bb5 a6 3. Bc4 e6 4. a3 Nc6 5. Nf3 b5 6. Ba2 Bb7 7. d3 Be7 8. Nc3
Nf6 9. Bf4 d5 10. e5 Nd7 11. O-O O-O 12. Re1 Qb6 13. Rb1 Rad8 14. Ng5 h6 15.
Nh3 c4 16. Qg4 Kh7 17. dxc4 dxc4 18. Rbd1 Nd4 19. Bb1 Nf5 20. Be3 Qc6 21. f4
Bc5 22. Kh1 Bxe3 23. Re2 Bc5 24. Ne4 Ne3 25. Qf3 Nxd1 26. c3 Kh8 27. Rd2 Ne3
28. Nxc5 Qxf3 29. gxf3 Bxf3+ 30. Kg1 Nxc5 31. Rxd8 Rxd8 32. Kf2 Bg4 33. Ng1 Rd1
34. Kxe3 Rxb1 35. h3 Rxg1 0-1

[Event "I Festival Costa Viola B"]
[Site "Bagnara Calabra ITA"]
[Date "2008.01.05"]
[Round "6"]
[White "Garofalo, Massimo"]
[Black "Familari, Giuseppe"]
[Result "1/2-1/2"]
[WhiteElo "1745"]
[BlackElo "1765"]
[PlyCount "27"]
[EventDate "2008.01.02"]

1. e4 Nf6 2. Nc3 d5 3. exd5 Nxd5 4. Bc4 Nf6 5. Nf3 Bg4 6. Bxf7+ Kxf7 7. Ne5+
Kg8 8. Nxg4 Nbd7 9. d3 e5 10. Bg5 Be7 11. Nxf6+ Bxf6 12. Bxf6 Qxf6 13. O-O Rf8
14. Ne4 1/2-1/2

[Event "I Festival Costa Viola B"]
[Site "Bagnara Calabra ITA"]
[Date "2008.01.05"]
[Round "6"]
[White "Levato, Biagio"]
[Black "Mercurio, Rosario"]
[Result "1-0"]
[WhiteElo "1537"]
[BlackElo "1405"]
[PlyCount "123"]
[EventDate "2008.01.02"]

1. e4 e6 2. Nf3 d5 3. e5 c5 4. d4 cxd4 5. Nxd4 f6 6. Bb5+ Bd7 7. Nxe6 Qb6 8.
Bxd7+ Nxd7 9. Nxf8 Nxf8 10. O-O Qe6 11. Re1 fxe5 12. c4 O-O-O 13. cxd5 Rxd5 14.
Qe2 Nd7 15. Nc3 Rc5 16. Be3 Ra5 17. Rac1 Ne7 18. b4 Ra6 19. b5 Ra5 20. Nd5+ Kb8
21. Nc3 Nf5 22. Bf4 Re8 23. Bd2 Nd4 24. Qd1 Nxb5 25. Nxb5 Rxb5 26. a4 Rd5 27.
Qe2 Nc5 28. Rc4 Rc8 29. Be3 h6 30. Rec1 Qd6 31. Qc2 b6 32. f4 Kb7 33. fxe5 Qxe5
34. Bf2 Qd6 35. a5 g5 36. axb6 axb6 37. g4 Ka6 38. Ra1+ Kb7 39. Bg3 Qf8 40.
Qh7+ Kc6 41. Rf1 Qh8 42. Qg6+ Kb5 43. Rcc1 Ka6 44. Ra1+ Kb7 45. Rab1 Rc6 46.
Qf7+ Rd7 47. Qf3 Rd3 48. Qg2 Qd4+ 49. Bf2 Qe5 50. Rfc1 Rc3 51. Re1 Qd6 52. Rbd1
Rd3 53. Qf1 Qd7 54. Bxc5 Qxg4+ 55. Kh1 Rxd1 56. Rxd1 Rxc5 57. Qf7+ Rc7 58. Qd5+
Rc6 59. Rf1 Qc8 60. Rf6 h5 61. Rf7+ Ka6 62. Qa2+ 1-0

[Event "I Festival Costa Viola B"]
[Site "Bagnara Calabra ITA"]
[Date "2008.01.05"]
[Round "6"]
[White "Mileo, Miguelito"]
[Black "Gad, Alessandro"]
[Result "1/2-1/2"]
[WhiteElo "1536"]
[BlackElo "1533"]
[PlyCount "28"]
[EventDate "2008.01.02"]

1. e4 e5 2. Nf3 Nc6 3. Nc3 Nf6 4. d4 exd4 5. Nxd4 Bc5 6. Be3 Bb6 7. Nxc6 bxc6
8. Bxb6 axb6 9. Bd3 d6 10. O-O O-O 11. f4 Re8 12. Qf3 Ba6 13. Rad1 Qc8 14. Bxa6
Rxa6 1/2-1/2

[Event "I Festival Costa Viola B"]
[Site "Bagnara Calabra ITA"]
[Date "2008.01.05"]
[Round "6"]
[White "Musico', Guglielmo"]
[Black "Scalise, Sandro"]
[Result "1-0"]
[WhiteElo "1548"]
[BlackElo "1607"]
[PlyCount "101"]
[EventDate "2008.01.02"]

1. d4 Nf6 2. c4 e6 3. Nc3 Bb4 4. Nf3 b6 5. g3 Bb7 6. Bg2 d6 7. Bd2 O-O 8. O-O
Nbd7 9. Re1 Bxc3 10. Bxc3 Ne4 11. Qc2 Nxc3 12. Qxc3 Nf6 13. Nd2 Bxg2 14. Kxg2
c5 15. Rad1 Rc8 16. f3 d5 17. e3 cxd4 18. Qxd4 dxc4 19. Nxc4 Qxd4 20. Rxd4 b5
21. Na3 a6 22. Red1 e5 23. R4d2 g6 24. e4 Rc6 25. Nc2 Rfc8 26. Ne3 Kg7 27. a3
h5 28. h4 Kh6 29. Kf2 Kg7 30. Ke2 b4 31. Rd6 bxa3 32. bxa3 Ne8 33. R6d5 f6 34.
Rd8 Rxd8 35. Rxd8 Nd6 36. Rd7+ Kf8 37. Nd5 f5 38. Nb4 Rb6 39. Ra7 fxe4 40. Rxa6
Rxa6 41. Nxa6 Nc4 42. a4 exf3+ 43. Kxf3 Ke7 44. Ke4 Kd6 45. Nb4 Nb6 46. a5 Na8
47. Nd3 Nc7 48. Nxe5 Kc5 49. Nxg6 Kb5 50. Nf4 Kxa5 51. Nxh5 1-0

[Event "I Festival Costa Viola B"]
[Site "Bagnara Calabra ITA"]
[Date "2008.01.05"]
[Round "6"]
[White "Paragliola, Gennaro"]
[Black "Alvaro, Francesco"]
[Result "0-1"]
[WhiteElo "1623"]
[BlackElo "1488"]
[PlyCount "114"]
[EventDate "2008.01.02"]

1. d4 Nf6 2. c4 e6 3. Nc3 d5 4. Nf3 c5 5. cxd5 Nxd5 6. e4 Nb6 7. Be3 cxd4 8.
Bxd4 Nc6 9. Bb5 Bd7 10. O-O Nxd4 11. Bxd7+ Nxd7 12. Nxd4 e5 13. Nf3 g6 14. Qa4
Bg7 15. Rad1 a6 16. Rd5 b5 17. Qb3 O-O 18. Rfd1 Ra7 19. a3 Qe7 20. Na2 Nc5 21.
Qc2 Rc7 22. Qb1 Rfc8 23. b4 Na4 24. Qa1 Nb6 25. R5d3 Rc2 26. Nc3 Qc7 27. Na2
Qc4 28. Rd8+ Rxd8 29. Rxd8+ Bf8 30. Rd2 Rxd2 31. Nxd2 Qc2 32. Nf3 Qxe4 33. Nxe5
Bg7 34. f4 Qe3+ 35. Kh1 Qxf4 36. Nd3 Bxa1 37. Nxf4 Bb2 38. Kg1 Bxa3 39. Kf2 g5
40. Nd3 Nd5 41. Ke1 f5 42. Kd2 f4 43. Kc2 Ne3+ 44. Kb3 Nc4 45. Nc5 g4 46. Nd3
f3 47. gxf3 gxf3 48. Nf2 Bb2 49. Nc3 Bxc3 50. Kxc3 Kf7 51. Kd4 Ke6 52. Nd3 Kf5
53. h3 h5 54. Nf2 Kf4 55. Ne4 Nd6 56. Nf2 Nf5+ 57. Kd3 Kg3 0-1

[Event "I Festival Costa Viola B"]
[Site "Bagnara Calabra ITA"]
[Date "2008.01.05"]
[Round "6"]
[White "Rizzuti, Pasquale"]
[Black "Altomonte, Giuseppe"]
[Result "1/2-1/2"]
[WhiteElo "1832"]
[BlackElo "1734"]
[PlyCount "112"]
[EventDate "2008.01.02"]

1. g3 g6 2. Bg2 Bg7 3. c4 c5 4. Nc3 Nc6 5. Nf3 Nf6 6. d4 cxd4 7. Nxd4 O-O 8.
O-O Nh5 9. Nc2 Bxc3 10. bxc3 Qc7 11. Bh6 Rd8 12. Ne3 Nf6 13. Nd5 Nxd5 14. cxd5
Na5 15. Qd4 f6 16. Rfd1 d6 17. h4 Bd7 18. Rab1 b6 19. e4 Qc4 20. Qxc4 Nxc4 21.
Bf1 Ne5 22. Be3 b5 23. Bxb5 a6 24. Be2 Bb5 25. Kf1 Rdc8 26. Bd4 Nc4 27. Rb4 Na3
28. Rc1 Bxe2+ 29. Kxe2 Rab8 30. Rb3 Nb5 31. Be3 Rc4 32. Kd3 Rbc8 33. f3 Kf7 34.
g4 e6 35. dxe6+ Kxe6 36. Bd2 f5 37. Rb4 Rxb4 38. cxb4 Rxc1 39. Bxc1 fxe4+ 40.
fxe4 Ke5 41. a4 Nc7 42. Ke3 d5 43. Bb2+ Kd6 44. e5+ Kc6 45. Kd3 Ne6 46. Bc1 Nc7
47. Bd2 Ne6 48. Be3 Nc7 49. Bc5 Ne6 50. Bd6 Nf4+ 51. Kd2 d4 52. Bb8 Kd5 53. a5
Kc4 54. Bd6 Ne6 55. h5 Ng5 56. hxg6 56... hxg6 {...} 1/2-1/2

[Event "I Festival Costa Viola B"]
[Site "Bagnara Calabra ITA"]
[Date "2008.01.05"]
[Round "6"]
[White "Tricomi, Massimo"]
[Black "Luvera', Filippo"]
[Result "1-0"]
[WhiteElo "1888"]
[BlackElo "1850"]
[PlyCount "89"]
[EventDate "2008.01.02"]

1. d4 Nf6 2. Nf3 e6 3. e3 d5 4. Bd3 c5 5. c3 Nc6 6. O-O Bd6 7. Nbd2 O-O 8. dxc5
Bxc5 9. e4 dxe4 10. Nxe4 Nxe4 11. Bxe4 h6 12. Bxc6 bxc6 13. Qa4 Qc7 14. Bf4 Qb6
15. b4 Be7 16. Ne5 Bb7 17. Nd7 Qb5 18. Qxb5 cxb5 19. Nxf8 Kxf8 20. Rfd1 Bd5 21.
a4 Bb3 22. axb5 Bxd1 23. Rxd1 Ke8 24. Be3 Rc8 25. Rc1 Rc7 26. b6 axb6 27. Bxb6
Rc6 28. Be3 e5 29. b5 Rc4 30. b6 Kd7 31. b7 Kc7 32. Rb1 Bb4 33. Rxb4 Rxb4 34.
cxb4 Kxb7 35. Kf1 Kc6 36. Ke2 Kb5 37. Bc5 h5 38. Bf8 g6 39. Kd3 f5 40. Bd6 e4+
41. Ke3 g5 42. h4 gxh4 43. Kf4 Kc6 44. Bc5 Kd5 45. Kxf5 1-0

[Event "I Festival Costa Viola B"]
[Site "Bagnara Calabra ITA"]
[Date "2008.01.06"]
[Round "7"]
[White "Altomonte, Giuseppe"]
[Black "Garofalo, Massimo"]
[Result "1-0"]
[WhiteElo "1734"]
[BlackElo "1745"]
[PlyCount "71"]
[EventDate "2008.01.02"]

1. e4 c5 2. Nf3 d6 3. d4 cxd4 4. Nxd4 Nf6 5. Nc3 a6 6. a4 Nc6 7. Be2 Qb6 8. Nb3
g6 9. Be3 Qc7 10. Bf3 Bg7 11. O-O O-O 12. a5 Ne5 13. Be2 Be6 14. Nd5 Bxd5 15.
exd5 Rac8 16. c3 Nc4 17. Bc1 e5 18. Ra4 b5 19. axb6 Nxb6 20. Rxa6 Nfxd5 21. Qd3
Ra8 22. Bf3 Nb4 23. cxb4 d5 24. Nc5 e4 25. Bxe4 dxe4 26. Qxe4 Rfd8 27. Bg5 Rdc8
28. Re1 h5 29. b3 Bc3 30. Rd1 Kg7 31. h4 Kg8 32. Kh1 Bg7 33. f4 Bf8 34. f5 gxf5
35. Qxf5 Qg3 36. Ne4 1-0

[Event "I Festival Costa Viola B"]
[Site "Bagnara Calabra ITA"]
[Date "2008.01.06"]
[Round "7"]
[White "Ceravolo, Alberto"]
[Black "Carbone, Stefano"]
[Result "0-1"]
[WhiteElo "1652"]
[BlackElo "1569"]
[PlyCount "194"]
[EventDate "2008.01.02"]

1. d4 d5 2. f4 e6 3. Nf3 Nf6 4. e3 c5 5. c3 Nbd7 6. Bd3 c4 7. Bc2 Be7 8. O-O
O-O 9. Nbd2 Ne8 10. Ne5 Nxe5 11. fxe5 f5 12. exf6 Nxf6 13. Nf3 Bd6 14. Qe2 Qc7
15. e4 dxe4 16. Bxe4 Rb8 17. Bd2 Bd7 18. b4 b5 19. Rae1 Rbe8 20. g3 Nxe4 21.
Qxe4 Bc6 22. Qg4 Bxf3 23. Rxf3 Rxf3 24. Qxf3 Qd7 25. Qg4 Qf7 26. Rf1 Qg6 27.
Qxg6 hxg6 28. Bf4 Bxf4 29. Rxf4 a5 30. a3 axb4 31. axb4 Ra8 32. Kg2 Ra3 33. Rf3
Ra2+ 34. Kh3 Rd2 35. g4 Rd3 36. Kg3 Rd1 37. h4 Re1 38. Kf4 Rh1 39. Kg5 Kh7 40.
Re3 Rc1 41. Kf4 Rh1 42. Rxe6 Rxh4 43. d5 g5+ 44. Ke3 Rxg4 45. d6 Rg3+ 46. Kd2
Rd3+ 47. Kc2 g4 48. Re4 Rxd6 49. Rxg4 Rd5 50. Re4 g5 51. Re7+ Kh6 52. Rc7 Rd6
53. Rc5 Rb6 54. Kd1 Kh5 55. Ke2 Kg4 56. Kf2 Kf4 57. Kg2 g4 58. Kf2 g3+ 59. Kg2
Ke4 60. Rg5 Kd3 61. Rxg3+ Kc2 62. Kf2 Rd6 63. Ke1 Rd3 64. Rg5 Rxc3 65. Rxb5 Rb3
66. Rb8 Kb2 67. Kd1 c3 68. Rc8 Rxb4 69. Rc7 Rd4+ 70. Ke2 Rd2+ 71. Ke1 Rh2 72.
Rb7+ Kc1 73. Rc7 c2 74. Rc6 Rh4 75. Rc7 Re4+ 76. Kf2 Rd4 77. Ke1 Ra4 78. Rc8
Rb4 79. Ke2 Kb1 80. Kd2 Rd4+ 81. Ke3 Rd6 82. Rb8+ Kc1 83. Ke2 Rd5 84. Ke1 Rh5
85. Ke2 Rh2+ 86. Ke1 Rh1+ 87. Ke2 Rd1 88. Rc8 Rd5 89. Rc7 Rb5 90. Kd3 Rb2 91.
Ra7 Kb1 92. Rc7 c1=Q 93. Rxc1+ Kxc1 94. Kc3 Rd2 95. Kc4 Kc2 96. Kc5 Kc3 97. Kb5
Rd4 0-1

[Event "I Festival Costa Viola B"]
[Site "Bagnara Calabra ITA"]
[Date "2008.01.06"]
[Round "7"]
[White "Familari, Giuseppe"]
[Black "Rametta, Marcello"]
[Result "1-0"]
[WhiteElo "1765"]
[BlackElo "1741"]
[PlyCount "123"]
[EventDate "2008.01.02"]

1. d4 d5 2. Bg5 Nf6 3. e3 Bf5 4. Bd3 Bxd3 5. Qxd3 a6 6. Nf3 e6 7. Nbd2 Be7 8.
O-O Nc6 9. c4 dxc4 10. Nxc4 Nd5 11. Bxe7 Qxe7 12. a3 O-O 13. Rfc1 Rad8 14. Rc2
Nf6 15. Qb3 b5 16. Nce5 Nxe5 17. Nxe5 Nd5 18. Nc6 Qd6 19. Nxd8 Rxd8 20. Rac1
Nb6 21. Rxc7 Nc4 22. R7xc4 bxc4 23. Qxc4 g6 24. g3 e5 25. dxe5 Qxe5 26. Qc3 Qe4
27. h4 Qf5 28. Qc4 Qf6 29. b4 Rd2 30. Qc8+ Rd8 31. Qc3 Qf5 32. a4 h5 33. Qc6
Qd3 34. b5 Rd6 35. Qc4 Qxc4 36. Rxc4 axb5 37. axb5 Rb6 38. Rb4 Kf8 39. Kf1 Ke7
40. Ke2 Kd6 41. Kd3 Kc5 42. Rb2 Rd6+ 43. Ke4 Kb6 44. Ke5 Re6+ 45. Kd5 Re7 46.
Kd6 Re6+ 47. Kd5 Re7 48. e4 Rd7+ 49. Ke5 Re7+ 50. Kd4 f6 51. f3 Rd7+ 52. Ke3
Rd1 53. Kf4 Rd3 54. g4 hxg4 55. Kxg4 f5+ 56. exf5 gxf5+ 57. Kf4 Rc3 58. h5 Rd3
59. h6 Rd6 60. Rh2 Rd8 61. h7 Rh8 62. Kxf5 1-0

[Event "I Festival Costa Viola B"]
[Site "Bagnara Calabra ITA"]
[Date "2008.01.06"]
[Round "7"]
[White "Gad, Alessandro"]
[Black "Musico', Guglielmo"]
[Result "1-0"]
[WhiteElo "1533"]
[BlackElo "1548"]
[PlyCount "35"]
[EventDate "2008.01.02"]

1. d4 g6 2. e4 Bg7 3. Nc3 d6 4. Be3 Nf6 5. f3 O-O 6. Qd2 a6 7. Bh6 b5 8. h4 c5
9. h5 cxd4 10. Nd5 Nbd7 11. Bxg7 Kxg7 12. hxg6 fxg6 13. Qh6+ Kf7 14. Nh3 Bb7
15. Ng5+ Ke8 16. Ne6 Qa5+ 17. b4 Qa3 18. Ndc7+ 1-0